NHL Players with 600+ Goals all time - Statistics

General Stats
  • This quiz has been taken 274 times
  • The average score is 13 of 19
Answer Stats
Position Goals Answer % Correct
#1 894 Wayne Gretzky
100%
#2 801 Gordie Howe
89%
#16 610 Bobby Hull
85%
#3 741 Brett Hull
85%
#10 690 Mario Lemieux
84%
#8 694 Mark Messier
84%
#4 737 Jaromir Jagr
83%
#6 717 Phil Esposito
74%
#9 692 Steve Yzerman
72%
#5 731 Marcel Dionne
71%
#19 601 Jari Kurri
70%
#11 684 Teemu Selanne
70%
#15 625 Joe Sakic
65%
#7 708 Mike Gartner
60%
#12 668 Luc Robitaille
54%
#18 602 Jerome Iginla
50%
#13 656 Brendan Shanahan
48%
#17 608 Dino Ciccarelli
39%
#14 640 Dave Andreychuck
15%
No matching quizzes found
Score Distribution
Percent of People with Each Score
Percentile by Number Answered
Your Score History
You have not taken this quiz